| 000 | 00504nam a2200193Ia 4500 | ||
|---|---|---|---|
| 999 |
_c15131 _d15131 |
||
| 003 | OSt | ||
| 005 | 20201116101821.0 | ||
| 008 | 190216s9999||||xx |||||||||||||| ||und|| | ||
| 020 | _a978-8177970690 | ||
| 040 | _coclc | ||
| 082 |
_a428 _bAUT/E |
||
| 100 |
_aAuthors _91880 |
||
| 245 | 0 |
_aEasy English Sentence / _cAuthors |
|
| 250 | _a2nd Ed. | ||
| 260 |
_bSiso Books, _c2006. _aTrivandrum: |
||
| 300 | _a191p | ||
| 650 | _aEnglish | ||
| 942 |
_cBK _2ddc _h428 _iAUT/E _k428 _mAUT/E |
||